000 00803nam a2200205Ia 4500
001 15426
003 GE_BSU
008 181216s||||||||xx |||||||||||||| ||und||
040 _cGE_BSU
080 _a821.353.1-09
100 _aჩიქოვანი,სიმონ
245 _aთხზულებანი 4 ტომად. ტ.3. წერილები
245 _cსარედ.კოლ.გ.მარგველაშვილი. გ.ასათიანი.ა.სულაკაური და სხვ. რედ.ც.ქაროსანიძე. მხატვ. ს.კეცხოველი
260 _aთბილისი
260 _bმერანი
260 _c1983
300 _a351გვ.20სმ.
653 _aწერილები
942 _cBK
999 _c48529
_d48529